000 00529nam a22001810 4500
001 ocm9710808184
003 PILC
005 20150828082026.0
008 980514s1972
020 _a9710808184
050 _aNK 3600
_b.G347 1965
100 _aGeorge, Ross F.
245 1 0 _aSpeedball textbook :
_cfor pen and brush lettering /
260 _aLocust, Philadelphia, Panama :
_bHunt Manufacturing,
_c1965.
300 _a96 pages :
_billustrations ;
_c22 cm.
650 _aLettering.
942 _2lcc
_cBK
_kFOR
999 _c288554
_d288554